LEADER 01210nam a2200265 u 4500 001 000000055300 003 CaOOAMICUS 005 20070226115753.0 008 010123s1986 it u000 u ita u 035 $a10866063 040 $aPUL (R)$bita 100 1 $aGaruti, Adriano,$cO.F.M.,$dn. 1938.$0(OLS)http://pul/name/6092 245 13$aIl patriarcato romano nel pensiero di Emmanuele Schelstrate (m. 1692) /$cAdriano Garuti. 260 $aRoma :$bPontificium Athenaeum Antonianum,$c1986. 300 $aP. [274]-328 ;$c25 cm 500 $a"Extractum ex Antonianum 61". 504 $aBibliografia in nota. 600 14$aSchelstrate, Emmanuel,$d1645-1692$xPensiero politico e sociale.$0(OLS)http://pul/subject/22440 650 4$aChiesa$xStoria$yEtà moderna.$0(OLS)http://pul/subject/1633 850 $aPUL 852 $aPUL$W1$xDP1 Fondo Maccarrone$y58$m1520 F 97$j72744$nBK-PRI$b $qFondi$B72744$CPULBib$Z2$F72744 $H $81 941 1 $a1 961 $aINV: F. Maccarrone 996 $6245$aIl patriarcato romano nel pensiero di Emmanuele Schelstrate (m. 1692)$9(OLS)http://pul/title/74069 996 $6260$aRoma :$bPontificium Athenaeum Antonianum$9(OLS)http://pul/publisher/58408 LEADER 01171nam a2200241 u 4500 001 000000088075 003 CaOOAMICUS 005 20070226124456.0 008 051024s1956 fr u000 u fre u 035 $a11065433 040 $aPUL(R)$bita 100 1 $aCarré, Ambroise-Marie,$cO.P.,$d1908-$0(OLS)http://pul/name/39822 245 12$aL'Eglise s'est-elle reconciliée avec le thèatre ? :$bde Molière a Louis Jouvet /$cA.-M. Carré. 260 $aParis :$bCerf,$c1956. 300 $a111 p. ;$c20 cm 504 $aComprebde indicazioni bibliografiche. 650 4$aReligione e società$xCritica e interpretazione.$0(OLS)http://pul/subject/27586 850 $aPUL 852 $aPUL$W1$xDP1 Fondo Pastorale$y55$mP2 C 5$j111602$nBK-PRI$b $qFondi$B111602$CPULBib$Z2$F111602 $HPUL630 $81 852 $aPUL$W1$xDP1 Fondo Pastorale$y55$mP15 E 19$j111603$nBK-PRI$b $qFondi$B111603$CPULBib$Z2$F111603 $H $81 941 1 $a1 996 $6245$aL'Eglise s'est-elle reconciliée avec le thèatre ? :$bde Molière a Louis Jouvet$9(OLS)http://pul/title/113866 996 $6260$aParis :$bCerf$9(OLS)http://pul/publisher/48238